000 02102cam a2200337 i 4500
001 21604440
003 OSt
005 20221101122147.0
008 200709s2021 enk b 001 0 eng
010 _a 2020941916
020 _a1529731750
040 _aDLC
_beng
_erda
_cDLC
042 _apcc
050 0 0 _aH62
_b.S25 2021
100 1 _aSaldaña, Johnny
245 1 4 _aThe coding manual for qualitative researchers /
_cJohnny Saldaña.
250 _a4th ed.
264 1 _aThousand Oaks, California :
_bSAGE Publishing Inc.,
_c2021.
300 _axxii, 414 p ;
_c25 cm
336 _atext
_btxt
_2rdacontent
337 _aunmediated
_bn
_2rdamedia
338 _avolume
_bnc
_2rdacarrier
504 _aIncludes bibliographical references (pages 383-401) and index.
520 _a"This classic manual provides the comprehensive guide to coding qualitative data. It introduces a broad array of approaches to qualitative coding, presenting the advantages and disadvantages of each to empower you to make an informed decision when choosing the appropriate option for your research project. Drawing on multiple detailed, real-world examples, the book: · Shows the step-by-step processes involved in different coding approaches · Demonstrates clearly how to apply each method of coding in a systematic way · Highlights the core skills involved in making sense of and identifying patterns in your data. This invaluable manual from world-renowned expert Johnny Saldaña illuminates the process of qualitative coding and provides clear, insightful guidance for qualitative researchers at all levels. Johnny Saldaña is Professor Emeritus of Theatre from the Herberger Institute for Design and the Arts' School of Film, Dance, and Theatre at Arizona State University"--
_cProvided by publisher.
650 0 _aQualitative research.
650 0 _aQualitative research
_xData processing.
650 0 _aSocial sciences
_xResearch.
906 _a7
_bcbc
_corignew
_d2
_eepcn
_f20
_gy-gencatlg
942 _2lcc
_cBK
999 _c19761
_d19760